Liverpool Squad 2026 - Statistics

General Stats
  • This quiz has been taken 47 times
  • The average score is 21 of 26
Answer Stats
Nation Age Position Answer % Correct
Brazil 33 GK Alisson
100%
Egypt 33 RW Mohamed Salah
100%
Netherlands 34 CB Virgil van Dijk
100%
Argentina 27 CM Alexis Mac Allister
98%
Sweden 26 ST Alexander Isak
95%
Italy 28 RW Federico Chiesa
95%
Germany 22 CAM Florian Wirtz
95%
France 23 ST Hugo Ekitike
95%
France 26 CB Ibrahima Konate
95%
Hungary 25 CAM Dominik Szoboszlai
93%
Hungary 22 LB Milos Kerkez
93%
Scotland 31 LB Andrew Robertson
91%
Netherlands 26 LW Cody Gakpo
91%
Netherlands 23 CDM Ryan Gravenberch
91%
Netherlands 25 RB Jeremie Frimpong
89%
England 28 CB Joe Gomez
86%
Japan 32 CDM Wataru Endo
86%
England 24 CM Curtis Jones
82%
Georgia 25 GK Giorgi Mamardashvili
80%
Northern Ireland 22 RB Conor Bradley
77%
Italy 19 CB Giovanni Leoni
64%
England 17 LW Rio Ngumoha
59%
England 28 GK Freddie Woodman
52%
Spain 21 CDM Stefan Bajcetic
45%
England 18 CM Trey Nyoni
34%
England 24 CB Rhys Williams
27%
No matching quizzes found
Score Distribution
Percent of People with Each Score
Percentile by Number Answered
Your Score History
You have not taken this quiz